000 00922cam a22002172 4500
001 0000002668
005 20151217161132.0
008 070418s xx 000 0 eng d
020 _a0195720075 :
_cKES 779
040 _aKABU
_cKABU
050 0 _aPL8703
_b.I53 1939
245 1 2 _aA Standard Swahili - English dictionary :
_bfounded on Madan's Swahili - English dictionary by the former Inter-Territorial Language Committee for the East African Dependencies under the direction of /
_cFrederick Johnson.
260 _aNairobi :
_aDar-es-Salaam :
_bOxford University Press,
_c1939.
300 _a548 p.
610 2 0 _aInter-Territorial Language Committee for the East African Dependencies.
_@0000152129
650 0 _aSwahili language
_vDictionaries
_xEnglish.
_@0000152130
700 1 _aJohnson, Frederick.
_@0000152131
908 _a070418
950 _@1
999 _c14921
_d14921